000
00291nam a22001337a 4500
008
181030b xxu||||| |||| 00| 0 eng d
020
_a
0721629563
041
_a
eng
080
_a
617
100
_a
6
101
_a
SHK
245
_a
Atlas of Vascular Surgery
_c
Rutherford
942
_2
udc
_c
BK
999
_c
51203
_d
51203